Ways to Get Dye in Minecraft - Statistics

General Stats
  • This quiz has been taken 9 times
    7 since last reset
  • The average score is 29 of 44
Answer Stats
Hint Answer % Correct
White Bone Meal
100%
Green Cactus
100%
Brown Cocoa Beans
100%
Black Ink Sac
100%
Orange Orange Tulip
100%
Pink Pink Tulip
100%
Red Poppy
100%
Red Red Tulip
100%
Red Rose Bush
100%
Yellow Sunflower
100%
Light Gray White Tulip
100%
Magenta Allium
80%
Light Gray Azure Bluet
80%
Light Blue Blue Orchid
80%
Blue Cornflower
80%
Blue Lapis Lazuli
80%
Magenta Lilac
80%
White Lily of the Valley
80%
Light Gray Oxeye Daisy
80%
Pink Peony
80%
Lime Sea Pickle
80%
Orange Torchflower
80%
Gray Black + White
60%
Light Gray Black + White + White
60%
Light Blue Blue + White
60%
Gray Closed {Eyeblossom}
60%
Yellow Dandelion
60%
Orange Open {Eyeblossom}
60%
Pink Pink Petals
60%
Cyan Pitcher Plant
60%
Yellow {Wild}flowers
60%
Cyan Blue + Green
40%
Pink Cactus Flower
40%
Yellow {Golden} Dandelion
40%
Light Gray Gray + White
40%
Lime Green + White
40%
Magenta Purple + Pink
40%
Purple Red + Blue
40%
Pink Red + White
40%
Orange Red + Yellow
40%
Black Wither Rose
40%
Red Beetroot
0%
Magenta Blue + Red + Pink
0%
Magenta Blue + Red x2 + White
0%
No matching quizzes found
Score Distribution
Percent of People with Each Score
Percentile by Number Answered
Your Score History
You have not taken this quiz since the last reset